Guess the Taylor Swift song no hints #33 - Statistics

General Stats
  • This quiz has been taken 76 times
  • The average score is 229 of 367
Answer Stats
Answer % Correct
a
100%
you
100%
you?
100%
I
98%
the
95%
and
94%
And
94%
me
94%
be
92%
on
92%
To
92%
to
92%
in
90%
He
89%
he
89%
that
87%
When
87%
go
85%
Go
85%
where
85%
hear
82%
if
82%
love
82%
I'm
81%
It's
81%
say
79%
all
77%
how
77%
How
77%
were
77%
ever
76%
not
76%
are
74%
don't
74%
Don't
74%
like
74%
I'll
71%
they
71%
But
69%
but
69%
can't
69%
with
69%
back
68%
here
68%
I've
66%
right
66%
Right
66%
was
66%
every
65%
one
65%
Come
63%
come
63%
got
63%
from
61%
just
61%
out
61%
said
60%
some
60%
Cause
58%
never
58%
You've
58%
his
56%
day
55%
him
55%
has
53%
La, la, la, la, la, la
53%
thing
53%
down
52%
He's
52%
he's
52%
tell
52%
always
48%
first
48%
or
48%
away
45%
eyes
42%
about
40%
fine
40%
knows
40%
loved
40%
very
39%
bad
37%
take
37%
yeah
37%
around
35%
forever
35%
Forever
35%
girl
35%
watch
35%
let
34%
miss
34%
much
34%
forget
32%
fly
31%
Superman
31%
superman
31%
word
31%
same
29%
world
29%
call
27%
dark
27%
ground
27%
leave
27%
someday
27%
other
26%
save
26%
single
26%
smile
26%
Something
26%
Tall
26%
wonder
26%
today
24%
briefcase
23%
busy
23%
hope
23%
okay
23%
puts
23%
work
23%
ambition
21%
drives
21%
father's
21%
papers
21%
beautiful
19%
mother's
19%
brown
18%
card
18%
flowers
18%
hang
18%
looking
18%
places
18%
reputation
18%
window
18%
wishing
18%
Wishing
18%
complicated
16%
deep
16%
far
16%
irrational
16%
swear
16%
lovestruck
11%
singing
6%
No matching quizzes found
Score Distribution
Percent of People with Each Score
Percentile by Number Answered
Your Score History
You have not taken this quiz